[Event "Ch Spain (team) (Honor Gr.2)"]
[Site "Lugo (Spain)"]
[Date "2007.06.28"]
[Round "2"]
[White "Delchev Aleksander (BUL)"]
[Black "Graf Alexander (GER)"]
[Result "0-1"]
[WhiteElo "2600"]
[BlackElo "2620"]
[PlyCount "126"]
[EventDate "2007.??.??"]
[Source "www.chesslib.no"]
[SourceDate "2004.05.04"]

1. d4 Nf6 2. c4 e6 3. Nc3 Bb4 4. e3 O-O 5. Bd3 d5 6. cxd5 exd5 7. Nge2 Bd6 8. Bd2 Re8 9. Rc1 a6 10. O-O c5 11. dxc5 Bxc5 12. Nb5 Nbd7 13. Nbd4 Bd6 14. Nf5 Bf8 15. Bc3 Nc5 16. Nf4 Nce4 17. Bxe4 Nxe4 18. Ng3 Nxc3 19. Rxc3 d4 20. Qxd4 Qxd4 21. exd4 Bd7 22. Nd5 Rad8 23. Rfc1 Bc6 24. Nc7 Re7 25. Nxa6 Red7 26. Nc5 Rxd4 27. Nb3 Rd1+ 28. Nf1 Ba4 29. f3 Bb5 30. Rxd1 Rxd1 31. Nbd2 g6 32. Kf2 b6 33. Nc4 Bc5+ 34. Ke2 Rb1 35. b3 Rb2+ 36. Nfd2 Rxa2 37. Kd3 Rb2 38. Rc2 Rxc2 39. Kxc2 f5 40. Ne5 Kg7 41. f4 Kf6 42. Ndc4 g5 43. fxg5+ Kxg5 44. Kd3 Ba6 45. Ke2 b5 46. Nb2 f4 47. Nbd3 b4 48. Kd2 Bf8 49. Nf3+ Kf5 50. Nd4+ Ke4 51. Ne6 Bxd3 52. Nxf8 h6 53. Nd7 Bf1 54. Nf6+ Kd4 55. g3 f3 56. Ng4 Bh3 57. Nf2 Bf5 58. Nd1 Be6 59. Nf2 Bxb3 60. Nd3 Bc4 61. Nxb4 f2 62. Nc2+ Ke4 63. Ne3 Ke5 0-1

[Event "Akureyri"]
[Site "?"]
[Date "1988.??.??"]
[Round "?"]
[White "Gurevich, M."]
[Black "Hjartarson, J."]
[Result "1/2-1/2"]
[WhiteElo "2625"]
[BlackElo "2590"]
[PlyCount "84"]
[EventDate "1988.??.??"]
[Source "ChessBase"]
[SourceDate "1988.01.01"]

1. d4 Nf6 2. c4 e6 3. Nc3 Bb4 4. e3 O-O 5. Bd3 d5 6. cxd5 exd5 7. Nge2 Re8 8. O-O Bd6 9. f3 c5 10. a3 Nc6 11. Rf2 a6 12. Bc2 b5 13. g4 b4 14. axb4 Nxb4 15. Ba4 Bd7 16. g5 Bxa4 17. Nxa4 Nd7 18. Rg2 Rc8 19. h4 Qe7 20. Bd2 Nd3 21. Qf1 Qe6 22. f4 g6 23. Ng3 c4 24. Nc3 Nb4 25. f5 Qe7 26. Qf3 Nb6 27. h5 Bc7 28. Rf1 Rcd8 29. Qg4 Nc2 30. Rf3 Bxg3 31. Rgxg3 Rd6 32. Rh3 Qd7 33. Qh4 gxf5 34. Qf2 Rde6 35. Rxf5 Nxe3 36. Bxe3 Rxe3 37. Rxe3 Rxe3 38. Qxe3 Qxf5 39. Qe8+ Kg7 40. Qd8 Nd7 41. Ne2 Qf3 42. Qxd7 Qxe2 1/2-1/2

[Event "Hoogovens"]
[Site "Wijk aan Zee"]
[Date "1975.??.??"]
[Round "6"]
[White "Huebner, Robert"]
[Black "Hort, Vlastimil"]
[Result "1/2-1/2"]
[WhiteElo "2615"]
[BlackElo "2600"]
[PlyCount "37"]
[EventDate "1975.??.??"]
[Source "ChessBase"]

1. c4 Nf6 2. Nc3 e6 3. d4 Bb4 4. e3 O-O 5. Bd3 c5 6. Nge2 cxd4 7. exd4 d5 8. O-O dxc4 9. Bxc4 Nbd7 10. a3 Bd6 11. Ba2 Nb6 12. Nf4 Bd7 13. d5 Bxf4 14. Bxf4 Nfxd5 15. Nxd5 exd5 16. Bxd5 Qf6 17. Bc7 Nxd5 18. Qxd5 Bc6 19. Qe5 1/2-1/2

[Event "Vlissingen HZ op"]
[Site "Vlissingen"]
[Date "2001.08.03"]
[Round "8"]
[White "Epishin, Vladimir"]
[Black "Piket, Jeroen"]
[Result "0-1"]
[WhiteElo "2583"]
[BlackElo "2630"]
[PlyCount "76"]
[EventDate "2001.07.28"]
[Source "ChessBase"]
[SourceDate "2001.09.11"]

1. d4 Nf6 2. c4 e6 3. Nc3 Bb4 4. e3 O-O 5. Bd3 d5 6. cxd5 exd5 7. Nge2 Re8 8. O-O a5 9. f3 Na6 10. Kh1 c5 11. a3 Bxc3 12. bxc3 Nc7 13. c4 dxc4 14. Bxc4 Be6 15. Bd3 a4 16. dxc5 Bb3 17. Qd2 Ne6 18. Bb2 Nxc5 19. Nd4 Nxd3 20. Qxd3 b5 21. Qxb5 Rxe3 22. Rfe1 Rxe1+ 23. Rxe1 Qd5 24. Qb4 h6 25. h3 Bc4 26. Nf5 Qxf5 27. Qxc4 Nh5 28. Bc1 Qg6 29. Kg1 Kh7 30. Re7 Kg8 31. Be3 Ng3 32. Bf2 Nf5 33. Qe4 Ra6 34. Re8+ Kh7 35. Qc4 Rc6 36. Qf4 Nd6 37. Re1 Rc4 38. Qe5 Rc2 0-1

[Event "Haninge"]
[Site "?"]
[Date "1988.??.??"]
[Round "?"]
[White "Kortchnoi, V."]
[Black "Pinter, J."]
[Result "1/2-1/2"]
[WhiteElo "2640"]
[BlackElo "2570"]
[PlyCount "42"]
[EventDate "1988.??.??"]
[Source "ChessBase"]
[SourceDate "1988.01.01"]

1. d4 Nf6 2. c4 e6 3. Nc3 Bb4 4. e3 c5 5. Bd3 d5 6. cxd5 exd5 7. Nge2 Nc6 8. O-O O-O 9. a3 cxd4 10. exd4 Bd6 11. Bc2 Re8 12. h3 h6 13. Qd3 Be6 14. Be3 Ne7 15. Ng3 Ng6 16. Nf5 Bc7 17. Ng3 a6 18. Rfe1 Qd6 19. Bd2 Nh5 20. Nce2 Nf6 21. Nc3 Nh5 1/2-1/2

[Event "5th Open"]
[Site "Dubai"]
[Date "2003.04.23"]
[Round "4"]
[White "Aleksandrov, Aleksej"]
[Black "Magerramov, Elmar"]
[Result "1-0"]
[WhiteElo "2650"]
[BlackElo "2558"]
[PlyCount "73"]
[EventDate "2003.04.21"]
[Source "Roberto Alvarez"]
[SourceDate "2003.05.05"]

1. d4 Nf6 2. c4 e6 3. Nc3 Bb4 4. e3 O-O 5. Bd3 d5 6. cxd5 exd5 7. Nge2 Re8 8. Bd2 c5 9. a3 Bxc3 10. Bxc3 c4 11. Bc2 Nc6 12. O-O Qd6 13. Ng3 a5 14. a4 Nb4 15. Bb1 Bd7 16. Qe2 Ng4 17. Qf3 Rac8 18. e4 dxe4 19. Bxe4 b6 20. d5 Qh6 21. h3 Ne5 22. Qd1 Nbd3 23. f4 Nxf4 24. Bd2 g5 25. Bxf4 gxf4 26. Qd2 Ng6 27. Bxg6 Qxg6 28. Qxf4 c3 29. bxc3 Rxc3 30. Rf3 Rxf3 31. Qxf3 Qg5 32. Ne4 Qe5 33. Nf6+ Kh8 34. Rb1 Qd4+ 35. Kh1 Re3 36. Qh5 Qd3 37. Rd1 1-0

[Event "Tan Chin Nam Cup"]
[Site "Qingdao"]
[Date "2002.07.06"]
[Round "5"]
[White "Epishin, Vladimir"]
[Black "Christiansen, Larry Mark"]
[Result "1/2-1/2"]
[WhiteElo "2643"]
[BlackElo "2559"]
[PlyCount "51"]
[EventDate "2002.07.04"]
[Source "ChessBase"]
[SourceDate "2002.11.12"]

1. d4 Nf6 2. c4 e6 3. Nc3 Bb4 4. e3 O-O 5. Bd3 c5 6. Nge2 cxd4 7. exd4 d5 8. cxd5 Nxd5 9. O-O Nc6 10. Re1 Re8 11. a3 Bf8 12. Nxd5 exd5 13. Be3 Bg4 14. Rc1 g6 15. Qd2 Bxe2 16. Bxe2 Bg7 17. Bf3 Qb6 18. Bxd5 Nxd4 19. Qb4 Qxb4 20. axb4 Rac8 21. Rxc8 Rxc8 22. Bxb7 Rb8 23. Bxd4 Bxd4 24. Re7 Bf6 25. Rc7 Re8 26. Kf1 1/2-1/2

[Event "Iceland/Lib"]
[Site "?"]
[Date "1988.??.??"]
[Round "?"]
[White "Harstason"]
[Black "Larsen"]
[Result "0-1"]
[WhiteElo "2600"]
[BlackElo "2600"]
[PlyCount "29"]
[EventDate "1988.??.??"]
[Source "www.chesslib.no"]
[SourceDate "2004.05.04"]

1. d4 Nf6 2. c4 e6 3. Nc3 Bb4 4. e3 O-O 5. Bd3 c5 6. Nge2 d5 7. cxd5 exd5 8. O-O Re8 9. a3 cxd4 10. exd4 Bd6 11. f3 Nbd7 12. Bg5 Nb6 13. Qc2 h6 14. Bh4 Bd7 15. Rae1 0-1

[Event "Benasque"]
[Site "Benasque"]
[Date "1995.??.??"]
[Round "1"]
[White "Giorgadze, Giorgi"]
[Black "Lalic, Bogdan"]
[Result "1/2-1/2"]
[WhiteElo "2605"]
[BlackElo "2590"]
[PlyCount "46"]
[EventDate "1995.07.??"]
[Source "ChessBase"]

1. d4 Nf6 2. c4 e6 3. Nc3 Bb4 4. e3 O-O 5. Bd3 c5 6. Nge2 cxd4 7. exd4 d5 8. cxd5 Nxd5 9. O-O Nc6 10. Bc2 Re8 11. Ne4 Bf8 12. a3 g6 13. Bg5 Be7 14. h4 Nf6 15. N4g3 b6 16. Qd3 Bb7 17. Rfd1 Nd5 18. Ne4 f5 19. Nd2 Bxg5 20. hxg5 e5 21. Bb3 Kh8 22. dxe5 Nxe5 23. Qd4 Nc7 1/2-1/2

[Event "EU-ch 3rd"]
[Site "Batumi"]
[Date "2002.06.14"]
[Round "3"]
[White "Mchedlishvili, Mikheil"]
[Black "Aleksandrov, Aleksej"]
[Result "1/2-1/2"]
[WhiteElo "2540"]
[BlackElo "2654"]
[PlyCount "93"]
[EventDate "2002.06.12"]
[Source "ChessBase"]
[SourceDate "2002.09.20"]

1. c4 e6 2. d4 Nf6 3. Nc3 Bb4 4. e3 O-O 5. Bd3 c5 6. Nge2 d5 7. cxd5 Nxd5 8. O-O cxd4 9. exd4 Nc6 10. Nxd5 exd5 11. Nf4 Bd6 12. Re1 Nb4 13. Bb1 Qf6 14. Nxd5 Nxd5 15. Qh5 Bxh2+ 16. Kxh2 Qd6+ 17. Kg1 h6 18. Qe5 Qd8 19. Qg3 Kh8 20. Bf4 Bd7 21. Be5 Qg5 22. Qxg5 hxg5 23. Be4 Bc6 24. Bxd5 Bxd5 25. a3 Rfe8 26. Bd6 f6 27. Bb4 Kg8 28. Rxe8+ Rxe8 29. Re1 Rc8 30. Bc3 Kf7 31. f3 b6 32. Kf2 a5 33. Rc1 Ke6 34. Bd2 Rxc1 35. Bxc1 Kd6 36. g4 Kc6 37. f4 gxf4 38. Bxf4 g5 39. Bb8 Be6 40. Kf3 Bb3 41. Kf2 Bd5 42. Kg3 Bb3 43. Kf2 a4 44. Kg3 Bd1 45. d5+ Kxd5 46. Bc7 b5 47. Ba5 1/2-1/2

[Event "Biel (izt)"]
[Site "?"]
[Date "1993.??.??"]
[Round "?"]
[White "Hjartarson, J."]
[Black "Pigusov, E."]
[Result "0-1"]
[WhiteElo "2605"]
[BlackElo "2585"]
[PlyCount "134"]
[EventDate "1993.??.??"]
[Source "ChessBase"]
[SourceDate "1993.06.01"]

1. d4 Nf6 2. c4 e6 3. Nc3 Bb4 4. e3 c5 5. Bd3 Nc6 6. Nge2 cxd4 7. exd4 d5 8. cxd5 Nxd5 9. O-O O-O 10. Bc2 Re8 11. Qd3 g6 12. Rd1 Bf8 13. Qf3 Bg7 14. Be3 Nce7 15. Bg5 Qb6 16. Na4 Qd8 17. Nac3 Qb6 18. Bb3 Bd7 19. h4 Bc6 20. Qh3 h6 21. Bxe7 Nxe7 22. Rd3 Rad8 23. Rad1 Rd6 24. h5 g5 25. R3d2 Red8 26. Qd3 Bxd4 27. Nxd4 Rxd4 28. Qxd4 Rxd4 29. Rxd4 Nf5 30. Rd8+ Kg7 31. Ne2 Nh4 32. R8d6 Nxg2 33. Rxc6 Qxc6 34. Nd4 Qe4 35. f3 Qh4 36. Kxg2 Qxh5 37. Rh1 Qg6 38. Ne2 h5 39. Ng3 h4 40. Ne4 Qf5 41. Bd1 Qf4 42. b3 f5 43. Nf2 b5 44. a4 b4 45. Be2 Qe5 46. Bc4 Qg3+ 47. Kf1 Qxf3 48. Rh3 Qf4 49. Bxe6 g4 50. Rxh4 Qc1+ 51. Ke2 Qc2+ 52. Kf1 Qc1+ 53. Ke2 Qb2+ 54. Kf1 Qf6 55. Bxf5 Qxh4 56. Bxg4 Kf6 57. Be2 Ke5 58. Bc4 Kd4 59. Nd1 Qh2 60. Ke1 a5 61. Nf2 Qg3 62. Ke2 Qe3+ 63. Kf1 Qd2 64. Kg1 Qc2 65. Kf1 Ke3 66. Ng4+ Kf3 67. Ne5+ Kf4 0-1

[Event "Oslo-45'"]
[Site "Oslo"]
[Date "1996.??.??"]
[Round "3"]
[White "Sokolov, Ivan"]
[Black "Gausel, Einar"]
[Result "0-1"]
[WhiteElo "2670"]
[BlackElo "2520"]
[PlyCount "68"]
[EventDate "1996.09.07"]
[Source "ChessBase"]

1. d4 Nf6 2. c4 e6 3. Nc3 Bb4 4. e3 O-O 5. Bd3 c5 6. Nge2 d5 7. cxd5 cxd4 8. exd4 Nxd5 9. Bb1 Re8 10. Qd3 g6 11. O-O Nxc3 12. bxc3 Bf8 13. Qg3 Bg7 14. Bg5 Qa5 15. Nf4 Nd7 16. Bc2 Nf8 17. Rfe1 Bd7 18. Re3 e5 19. dxe5 Rxe5 20. Rxe5 Qxe5 21. Bh4 Rc8 22. Bd3 Rxc3 23. Rb1 Bh6 24. Bf6 Qxf6 25. Nd5 Qd4 26. Nxc3 Qxc3 27. Rxb7 Qa1+ 28. Bb1 Be6 29. h3 a5 30. Qd3 Qe5 31. Qe4 Qg5 32. Rc7 Qd8 33. Rc5 Qd1+ 34. Kh2 Qd6+ 0-1

[Event "Wijk aan Zee"]
[Site "?"]
[Date "1989.??.??"]
[Round "?"]
[White "Sokolov, I."]
[Black "Sax, Gy"]
[Result "1/2-1/2"]
[WhiteElo "2580"]
[BlackElo "2610"]
[PlyCount "67"]
[EventDate "1989.??.??"]
[Source "ChessBase"]
[SourceDate "1989.01.01"]

1. d4 Nf6 2. c4 e6 3. Nc3 Bb4 4. e3 c5 5. Bd3 Nc6 6. Nge2 cxd4 7. exd4 d5 8. cxd5 Nxd5 9. O-O O-O 10. Bb1 Bd6 11. Ne4 Be7 12. a3 e5 13. dxe5 Nxe5 14. Qd4 Ng6 15. Rd1 Be6 16. Ba2 Nc7 17. Bxe6 Nxe6 18. Qa4 Qb6 19. b4 Ne5 20. Be3 Qc6 21. Qxc6 bxc6 22. Nd4 a5 23. Nxe6 fxe6 24. Bc5 Bxc5 25. Nxc5 axb4 26. axb4 Rxa1 27. Rxa1 Rb8 28. f4 Ng6 29. Nxe6 Rxb4 30. g3 Ne7 31. Ra7 Nf5 32. g4 Nd4 33. Nxg7 Nb5 34. Rb7 1/2-1/2

[Event "Linares Anibal op 8th"]
[Site "Linares"]
[Date "2001.01.18"]
[Round "11"]
[White "Turov, Maxim"]
[Black "Sakaev, Konstantin"]
[Result "1/2-1/2"]
[WhiteElo "2546"]
[BlackElo "2639"]
[PlyCount "130"]
[EventDate "2001.01.08"]
[Source "ChessBase"]
[SourceDate "2001.03.20"]

1. d4 Nf6 2. c4 e6 3. Nc3 Bb4 4. e3 O-O 5. Bd3 d5 6. Nge2 dxc4 7. Bxc4 e5 8. O-O Nc6 9. d5 Ne7 10. a3 Bd6 11. e4 a6 12. b4 Ng6 13. f3 Nh5 14. Be3 Nhf4 15. Kh1 h5 16. g3 Nh3 17. Bd3 h4 18. Kg2 Qf6 19. Qd2 Re8 20. Kh1 hxg3 21. hxg3 Ngf4 22. gxf4 exf4 23. Bg1 Nxg1 24. Nxg1 Re5 25. Rf2 Rh5+ 26. Rh2 Rxh2+ 27. Kxh2 Be5 28. Rc1 Qh4+ 29. Kg2 Bd4 30. Qe1 Qxe1 31. Rxe1 Bxc3 32. Rc1 Be5 33. Nh3 Bd7 34. Nf2 Rc8 35. Bc4 Bd4 36. Nd3 Be3 37. Rc3 Be8 38. Nc5 Rb8 39. Rd3 a5 40. e5 axb4 41. axb4 b6 42. Ne4 Kf8 43. d6 cxd6 44. Nxd6 Ra8 45. Rd1 Bd7 46. Nxf7 Ke7 47. Ng5 Bf5 48. e6 Rd8 49. Rxd8 Kxd8 50. Kf1 Bd4 51. Ke2 Ke7 52. Bd3 Bxd3+ 53. Kxd3 Bf6 54. Nh3 g5 55. Kc4 Kxe6 56. b5 Be7 57. Nf2 Bf8 58. Ng4 Bc5 59. Nh6 Kf6 60. Ng4+ Kg6 61. Kd3 Kh5 62. Ke2 Kh4 63. Nf6 Bd4 64. Ng4 Kg3 65. Nh6 Kg2 1/2-1/2

[Event "Biel GM"]
[Site "Biel"]
[Date "1999.07.22"]
[Round "4"]
[White "Bunzmann, Dimitrij"]
[Black "Avrukh, Boris"]
[Result "1/2-1/2"]
[WhiteElo "2596"]
[BlackElo "2588"]
[PlyCount "87"]
[EventDate "1999.07.19"]
[Source "ChessBase"]
[SourceDate "1999.10.01"]

1. c4 e6 2. d4 Nf6 3. Nc3 Bb4 4. e3 c5 5. Bd3 O-O 6. Nge2 d5 7. O-O cxd4 8. exd4 Nc6 9. cxd5 Nxd5 10. a3 Bd6 11. Ne4 Be7 12. Bc2 b6 13. Qd3 g6 14. Bh6 Re8 15. Rac1 Bb7 16. Ba4 Rc8 17. Rfd1 a6 18. N2g3 b5 19. Bb3 Na5 20. Ba2 Rxc1 21. Bxc1 Nf6 22. Nc5 Bxc5 23. dxc5 Qxd3 24. Rxd3 Bd5 25. Bg5 Bxa2 26. Bxf6 Bd5 27. b4 Nc6 28. f3 a5 29. bxa5 Ra8 30. Ne4 Rxa5 31. Bb2 b4 32. axb4 Nxb4 33. Rd1 f5 34. Nf6+ Kf7 35. Bc3 Rb5 36. Rb1 Na2 37. Rxb5 Nxc3 38. Nxd5 Nxb5 39. Nb4 Nd4 40. Kf2 f4 41. Nd3 g5 42. g3 fxg3+ 43. hxg3 h5 44. Ne5+ 1/2-1/2

[Event "SVK-chT 0203"]
[Site "?"]
[Date "2003.??.??"]
[Round "10"]
[White "Babula Vlastimil"]
[Black "Hracek Zbynek"]
[Result "1/2-1/2"]
[WhiteElo "2584"]
[BlackElo "2600"]
[PlyCount "30"]
[EventDate "2003.??.??"]
[Source "www.chesslib.no"]
[SourceDate "2004.05.04"]

1. d4 Nf6 2. c4 e6 3. Nc3 Bb4 4. e3 c5 5. Bd3 Nc6 6. Nge2 cxd4 7. exd4 d5 8. cxd5 Nxd5 9. O-O O-O 10. Qc2 g6 11. Be4 Re8 12. Rd1 Bf8 13. Qd3 Bg7 14. Qf3 Nxc3 15. bxc3 e5 1/2-1/2

[Event "Moscow Aeroflot op"]
[Site "Moscow"]
[Date "2002.02.05"]
[Round "2"]
[White "Mchedlishvili, Mikheil"]
[Black "Zvjaginsev, Vadim"]
[Result "1/2-1/2"]
[WhiteElo "2527"]
[BlackElo "2656"]
[PlyCount "58"]
[EventDate "2002.02.04"]
[Source "ChessBase"]
[SourceDate "2002.03.21"]

1. d4 e6 2. c4 Nf6 3. Nc3 Bb4 4. e3 O-O 5. Bd3 d5 6. cxd5 exd5 7. Nge2 Bd6 8. O-O Re8 9. a3 a5 10. f3 c5 11. Qe1 Nc6 12. Qh4 h6 13. Qf2 b6 14. Bd2 Ba6 15. Bxa6 Rxa6 16. Rad1 Qb8 17. g4 b5 18. dxc5 Bxc5 19. Bc1 Rd8 20. Nd4 b4 21. axb4 Qxb4 22. Nce2 a4 23. Kh1 Rc8 24. Nf5 Ne5 25. Ned4 Re8 26. Rg1 Nh7 27. h4 Rb6 28. f4 Nc4 29. g5 h5 1/2-1/2

[Event "Krasnodar Kuban Spring"]
[Site "Krasnodar"]
[Date "2000.??.??"]
[Round "6"]
[White "Aleksandrov, Aleksej"]
[Black "Zontakh, Andrey"]
[Result "1/2-1/2"]
[WhiteElo "2606"]
[BlackElo "2576"]
[PlyCount "106"]
[EventDate "2000.04.03"]
[Source "www.chesslib.no"]
[SourceDate "2004.05.04"]

1. d4 Nf6 2. c4 e6 3. Nc3 Bb4 4. e3 O-O 5. Bd3 d5 6. cxd5 exd5 7. Nge2 Re8 8. O-O Bd6 9. Bd2 Ng4 10. g3 c6 11. Qc2 g6 12. Rae1 Na6 13. a3 Nc7 14. Na4 Ne6 15. Kg2 Ng5 16. Nac3 Nf6 17. Ng1 Nge4 18. Bc1 Nxc3 19. Qxc3 Bd7 20. f3 Rc8 21. b4 a5 22. e4 axb4 23. axb4 Bf8 24. Bd2 Ra8 25. e5 Nh5 26. Ra1 Ng7 27. Rxa8 Qxa8 28. Ra1 Qd8 29. f4 h5 30. Nf3 Bf5 31. Bxf5 Nxf5 32. h3 Qc8 33. Qd3 Be7 34. b5 Qe6 35. bxc6 bxc6 36. Ra6 Rc8 37. Qb1 Qd7 38. Qa2 Qb7 39. g4 Nh4+ 40. Nxh4 Bxh4 41. Ra3 c5 42. f5 cxd4 43. Ra5 gxf5 44. gxf5 Kh8 45. Kf3 d3 46. Ra7 Qb6 47. Be3 d4 48. f6 Qc6+ 49. Kf4 Bg5+ 50. Kxg5 Qe4 51. Rxf7 Qxe3+ 52. Kf5 Qf3+ 53. Ke6 Qc6+ 1/2-1/2

[Event "Goodricke 13th op"]
[Site "Calcutta"]
[Date "2002.03.18"]
[Round "2"]
[White "Aleksandrov, Aleksej"]
[Black "Shariyazdanov, Andrey"]
[Result "1/2-1/2"]
[WhiteElo "2645"]
[BlackElo "2532"]
[PlyCount "91"]
[EventDate "2002.03.17"]
[Source "ChessBase"]
[SourceDate "2002.03.21"]

1. d4 Nf6 2. c4 e6 3. Nc3 Bb4 4. e3 O-O 5. Bd3 d5 6. cxd5 exd5 7. Nge2 Re8 8. O-O Bd6 9. Bd2 a6 10. Rc1 Nbd7 11. Qb3 c6 12. f3 b5 13. Bb1 Bb7 14. Ng3 c5 15. Nce2 c4 16. Qd1 b4 17. Qe1 a5 18. Nf5 Bf8 19. Qg3 g6 20. Qg5 Nh5 21. Nh6+ Kg7 22. Nf5+ Kh8 23. Nh6 Kg7 24. f4 Be7 25. Nf5+ Kg8 26. Nxe7+ Qxe7 27. g4 Qxg5 28. fxg5 Ng7 29. h4 Ra6 30. Ng3 f6 31. gxf6 Rxf6 32. Rxf6 Nxf6 33. g5 Nfh5 34. Nxh5 Nxh5 35. a3 Bc8 36. axb4 axb4 37. Re1 b3 38. e4 Bb7 39. exd5 Rxe1+ 40. Bxe1 Bxd5 41. Kf2 Kf7 42. Ke3 Ke6 43. Kd2 Bh1 44. Ke3 Kd5 45. Bb4 Bg2 46. Be7 1/2-1/2

[Event "Subotica (izt)"]
[Site "?"]
[Date "1987.??.??"]
[Round "?"]
[White "Tal, M."]
[Black "Sax, Gy"]
[Result "1/2-1/2"]
[WhiteElo "2605"]
[BlackElo "2570"]
[PlyCount "56"]
[EventDate "1987.??.??"]
[Source "ChessBase"]
[SourceDate "1987.01.01"]

1. d4 Nf6 2. c4 e6 3. Nc3 Bb4 4. e3 O-O 5. Bd3 d5 6. cxd5 exd5 7. Nge2 c5 8. O-O Nc6 9. a3 cxd4 10. exd4 Bd6 11. f3 h6 12. Kh1 Nh5 13. Qe1 f5 14. Nxd5 Bxh2 15. Kxh2 Qxd5 16. Qh4 f4 17. Bg6 Qe6 18. Qxh5 Qxe2 19. Bxf4 Rxf4 20. Rfe1 Qc4 21. Re8+ Rf8 22. Rc1 Bg4 23. Rxc4 Bxh5 24. Rxa8 Rxa8 25. Bxh5 Rd8 26. Kg3 Kf8 27. d5 Rxd5 28. Rf4+ Ke7 1/2-1/2

[Event "Aeroflot Open"]
[Site "Moscow"]
[Date "2003.02.16"]
[Round "6"]
[White "Aleksandrov, Aleksej"]
[Black "Lugovoi, Aleksei"]
[Result "1-0"]
[WhiteElo "2633"]
[BlackElo "2540"]
[PlyCount "69"]
[EventDate "2003.02.10"]
[Source "Roberto Alvarez"]
[SourceDate "2003.02.24"]

1. d4 Nf6 2. c4 e6 3. Nc3 Bb4 4. e3 O-O 5. Bd3 d5 6. cxd5 exd5 7. Nge2 c6 8. O-O Re8 9. f3 c5 10. a3 Bxc3 11. bxc3 Nc6 12. Ra2 Qc7 13. Ng3 Be6 14. Bb1 Rac8 15. Raf2 Qd7 16. Qd3 h6 17. Rd1 Rc7 18. Bb2 Na5 19. e4 dxe4 20. fxe4 Bc4 21. Qf3 Ng4 22. Rfd2 Bb3 23. Nf5 Bxd1 24. Rxd1 h5 25. h3 Nf6 26. e5 Nh7 27. Nd6 Rf8 28. d5 b5 29. c4 Nxc4 30. Nxc4 bxc4 31. e6 fxe6 32. Bxh7+ Kxh7 33. Qxf8 exd5 34. Be5 Rc8 35. Rxd5 1-0

[Event "EU-ch 3rd"]
[Site "Batumi"]
[Date "2002.06.15"]
[Round "4"]
[White "Aleksandrov, Aleksej"]
[Black "Malakhatko, Vadim"]
[Result "1-0"]
[WhiteElo "2654"]
[BlackElo "2517"]
[PlyCount "93"]
[EventDate "2002.06.12"]
[Source "ChessBase"]
[SourceDate "2002.09.20"]

1. d4 Nf6 2. c4 e6 3. Nc3 Bb4 4. e3 O-O 5. Bd3 d5 6. cxd5 exd5 7. Nge2 Re8 8. Bd2 c5 9. a3 Bxc3 10. Bxc3 c4 11. Bc2 Nc6 12. O-O a5 13. b3 b5 14. bxc4 dxc4 15. Nf4 Ne4 16. Bxe4 Rxe4 17. d5 Ne5 18. Qb1 Bf5 19. Qxb5 Nd3 20. Nxd3 Rb8 21. Qxa5 cxd3 22. Rab1 Re8 23. Rxb8 Qxb8 24. d6 Qc8 25. Rc1 h6 26. f3 Qd7 27. e4 Be6 28. Bb4 Rc8 29. Rxc8+ Qxc8 30. Qc7 Qe8 31. Qc3 Qb5 32. Qd4 f6 33. Kf2 Kf7 34. h4 h5 35. f4 Bd7 36. Ke3 Bc6 37. Qxd3 Qxd3+ 38. Kxd3 g6 39. f5 gxf5 40. exf5 Ke8 41. g3 Kd7 42. Ke3 Ba4 43. Kf4 Bd1 44. Bc3 Kxd6 45. Bxf6 Kd7 46. Kg5 Ke8 47. Kg6 1-0

[Event "New York"]
[Site "?"]
[Date "1996.??.??"]
[Round "?"]
[White "Sokolov, I."]
[Black "Sunye Neto, Jaime"]
[Result "1-0"]
[WhiteElo "2665"]
[BlackElo "2505"]
[PlyCount "73"]
[EventDate "1996.??.??"]
[Source "ChessBase"]
[SourceDate "1996.02.01"]

1. d4 Nf6 2. c4 e6 3. Nc3 Bb4 4. e3 O-O 5. Bd3 d5 6. cxd5 exd5 7. Nge2 Re8 8. O-O b6 9. f3 Bb7 10. a3 Bf8 11. b4 c5 12. bxc5 bxc5 13. Rb1 Qc8 14. Qb3 Bc6 15. Qa2 Nbd7 16. a4 Qd8 17. a5 Rb8 18. Bd2 Rxb1 19. Rxb1 Bd6 20. Nb5 Bb8 21. Ng3 g6 22. dxc5 Nxc5 23. Qc2 Nxd3 24. Qxd3 Bxb5 25. Rxb5 Qd7 26. a6 Qe6 27. Rb7 Nd7 28. Bc3 Be5 29. Bd4 Bxd4 30. Qxd4 Nb8 31. e4 Qxa6 32. Qxd5 Rf8 33. h4 Nc6 34. Rd7 Qb6+ 35. Kh2 Nb4 36. Qg5 a5 37. Nf5 1-0

[Event "Biel SKA"]
[Site "Biel"]
[Date "1996.??.??"]
[Round "6"]
[White "Milov, Vadim"]
[Black "Onischuk, Alexander"]
[Result "1/2-1/2"]
[WhiteElo "2565"]
[BlackElo "2605"]
[PlyCount "91"]
[EventDate "1996.07.22"]
[Source "ChessBase"]

1. d4 Nf6 2. c4 e6 3. Nc3 Bb4 4. e3 c5 5. Bd3 d5 6. cxd5 Nxd5 7. Nge2 cxd4 8. exd4 Nc6 9. a3 Be7 10. Bc2 O-O 11. Qd3 g6 12. h4 Nxc3 13. bxc3 e5 14. Qd2 exd4 15. cxd4 Bf6 16. Bb2 Re8 17. Kf1 Be6 18. Rd1 Qb6 19. Bc3 Bc4 20. Bd3 Qa6 21. h5 Bxd3 22. Qxd3 Qxd3 23. Rxd3 Rad8 24. hxg6 fxg6 25. d5 Ne5 26. Rd1 Rd7 27. Rh3 Rc8 28. Rg3 Kf7 29. Re3 Ng4 30. Rh3 h5 31. Bxf6 Kxf6 32. Rf3+ Ke5 33. Rfd3 Kf6 34. Nc3 Ne5 35. Re3 Nc4 36. Ne4+ Kg7 37. Rc3 b5 38. d6 Re8 39. f3 Re5 40. Rd4 Kf7 41. Kf2 g5 42. g3 Rf5 43. Kg2 Ke8 44. Rd1 g4 45. f4 Kd8 46. a4 1/2-1/2

[Event "Polanica Zdroj"]
[Site "?"]
[Date "1996.??.??"]
[Round "?"]
[White "Huebner, R."]
[Black "Rogers, I."]
[Result "1/2-1/2"]
[WhiteElo "2595"]
[BlackElo "2575"]
[PlyCount "87"]
[EventDate "1996.??.??"]
[Source "ChessBase"]
[SourceDate "1996.06.01"]

1. d4 Nf6 2. c4 e6 3. Nc3 Bb4 4. e3 O-O 5. Bd3 d5 6. Nge2 c5 7. cxd5 cxd4 8. exd4 Nxd5 9. O-O Nc6 10. a3 Bd6 11. Ne4 Be7 12. Bc2 Qc7 13. Qd3 Rd8 14. N4c3 g6 15. Bh6 Nxc3 16. bxc3 e5 17. Bb3 Bf5 18. Qe3 Bf6 19. Rac1 Qb6 20. dxe5 Bxe5 21. Ba2 Qxe3 22. Bxe3 Bd6 23. Ra1 Bd3 24. Rfe1 Bxa3 25. Bb3 Bf8 26. Nd4 Nxd4 27. Bxd4 a6 28. h4 Rac8 29. h5 gxh5 30. f4 Re8 31. Bd5 Rxe1+ 32. Rxe1 b5 33. Re3 Bg6 34. Rf3 Bf5 35. Bb7 Rb8 36. Bxa6 Bg7 37. Rg3 Bg4 38. Bxg7 Kxg7 39. c4 b4 40. Bb5 Kf6 41. Rb3 Be6 42. Rxb4 Bxc4 43. Rxc4 Rxb5 44. Kh2 1/2-1/2

[Event "YUG Team Ch"]
[Site "?"]
[Date "2002.??.??"]
[Round "?"]
[White "Aleksandrov Aleksej"]
[Black "Abramovic Bosko"]
[Result "1-0"]
[WhiteElo "2645"]
[BlackElo "2524"]
[PlyCount "41"]
[EventDate "2002.??.??"]
[Source "www.chesslib.no"]
[SourceDate "2004.05.04"]

1. d4 Nf6 2. c4 e6 3. Nc3 Bb4 4. e3 O-O 5. Bd3 d5 6. cxd5 exd5 7. Nge2 Re8 8. Bd2 Bd6 9. Rc1 a6 10. a3 b6 11. Qb3 Bb7 12. O-O Nbd7 13. Na4 Qe7 14. Ng3 g6 15. Rfe1 Rab8 16. Bb1 c5 17. Nc3 b5 18. Na2 Ne4 19. Ba5 c4 20. Qc2 Nxf2 21. Kxf2 1-0

[Event "EU-chT (Men)"]
[Site "Batumi"]
[Date "1999.12.03"]
[Round "5.2"]
[White "Milov, Vadim"]
[Black "Macieja, Bartlomiej"]
[Result "1/2-1/2"]
[WhiteElo "2626"]
[BlackElo "2542"]
[PlyCount "49"]
[EventDate "1999.11.06"]
[Source "ChessBase"]
[SourceDate "2000.02.01"]

1. d4 Nf6 2. c4 e6 3. Nc3 Bb4 4. e3 c5 5. Bd3 O-O 6. Nge2 d5 7. cxd5 cxd4 8. exd4 Nxd5 9. Bc2 b6 10. Qd3 Nf6 11. a3 Ba6 12. Qf3 Bxc3+ 13. Nxc3 Nbd7 14. Bg5 Rc8 15. O-O-O Qc7 16. Qg3 Nd5 17. Qxc7 Nxc7 18. Kb1 h6 19. Be7 Rfe8 20. Bd6 Nb5 21. Nxb5 Bxb5 22. Rd2 Nf6 23. f3 Nd5 24. Re1 Red8 25. Be5 1/2-1/2